UBT Library

Marijuana and madness : (Record no. 42082)

000 -LEADER
fixed length control field 00874cam a22002774a 4500
001 - CONTROL NUMBER
control field 13330736
005 - DATE AND TIME OF LATEST TRANSACTION
control field 20180208034529.0
008 - FIXED-LENGTH DATA ELEMENTS--GENERAL INFORMATION
fixed length control field 030902s2004 nyua b 001 0 eng
010 ## - LIBRARY OF CONGRESS CONTROL NUMBER
LC control number 2003055906
020 ## - INTERNATIONAL STANDARD BOOK NUMBER
International Standard Book Number 0521819407 (hb)
020 ## - INTERNATIONAL STANDARD BOOK NUMBER
International Standard Book Number 0521525462 (pbk)
035 ## - SYSTEM CONTROL NUMBER
System control number (DNLM)101189947
040 ## - CATALOGING SOURCE
Original cataloging agency DNLM/DLC
Transcribing agency DLC
Modifying agency DLC
041 ## - LANGUAGE CODE
Language code of text/sound track or separate title eng
042 ## - AUTHENTICATION CODE
Authentication code pcc
060 10 - NATIONAL LIBRARY OF MEDICINE CALL NUMBER
Classification number WM 276
Item number M33485 2004
080 ## - UNIVERSAL DECIMAL CLASSIFICATION NUMBER
Universal Decimal Classification number 615.7827 CAS
082 00 - DEWEY DECIMAL CLASSIFICATION NUMBER
Classification number 615.7827 CAS
Edition number 22
100 ## - Rafti
Rafti 49
101 ## - Shkurtesa
Shkurtesa PSI
245 00 - TITLE STATEMENT
Title Marijuana and madness :
Statement of responsibility, etc edited by David Castle, Robin Murray.
504 ## - BIBLIOGRAPHY, ETC. NOTE
Bibliography, etc Includes bibliographical references and index.
906 ## - LOCAL DATA ELEMENT F, LDF (RLIN)
a 7
b cbc
c orignew
d 1
e ocip
f 20
g y-gencatlg
942 ## - ADDED ENTRY ELEMENTS (KOHA)
Source of classification or shelving scheme
Item type Books
Holdings
Withdrawn status Lost status Source of classification or shelving scheme Damaged status Not for loan Collection code Permanent location Current location Shelving location Date acquired Total Checkouts Full call number Barcode Date last seen Price effective from Koha item type
          Koleksioni i përgjithshem UBT - Lipjan UBT - Lipjan Koleksioni i përgjithshem 02/08/2018   615.7827 CAS 002-2998933 02/08/2018 02/08/2018 Books
UBT Library © 2015-2024. All rights reserved University Education for Business and Technology